[Event "POL-chT 2nd div South"]
[Site "Polanica Zdroj"]
[Date "1999.??.??"]
[Round "2"]
[White "Lorenc, Marian"]
[Black "Szczechowicz, Bartosz"]
[Result "0-1"]
[WhiteElo "2190"]
[BlackElo "2211"]
[PlyCount "40"]
[EventDate "1999.09.17"]
[EventType "team-swiss"]
[EventRounds "10"]
[EventCountry "POL"]
[SourceTitle "EXT 2001"]
[Source "ChessBase"]
[SourceDate "2000.11.22"]
[SourceVersion "1"]
[SourceVersionDate "2000.11.22"]
[SourceQuality "1"]
[WhiteTeam "POL-chT 2nd div South 22"]
[BlackTeam "POL-chT 2nd div South 13"]
[WhiteTeamCountry "POL"]
[BlackTeamCountry "POL"]

1. c4 Nf6 2. Nc3 e6 3. e4 c5 4. e5 Ng8 5. Nf3 Nc6 6. Be2 Nge7 7. 0-0 Ng6 8. Nb5 Ngxe5 9. Nxe5 Nxe5 10. d4 Ng6 11. dxc5 Bxc5 12. Be3 Bxe3 13. Nd6+ Ke7 14. fxe3 f6 15. c5 Qc7 16. Qd4 b6 17. b4 bxc5 18. bxc5 Rb8 19. Rab1 Bb7 20. Nxb7 Rxb7 0-1